[Event "41th Eastman Open Gent 2018"]
[Site "KGSRL Gent"]
[Date "2018.07.14"]
[Round "1.1"]
[White "Michiels, Bart"]
[Black "van de Gevel, Ed"]
[Result "1-0"]
[WhiteElo "2554"]
[BlackElo "1850"]
[PlyCount "53"]
[EventDate "2018.??.??"]

1. c4 f5 2. Nf3 Nf6 3. g3 g6 4. Bg2 Bg7 5. d4 d6 6. Nc3 O-O 7. O-O c6 8. Rb1 a5
9. b3 Na6 10. Bb2 Qe8 11. Na4 Ne4 12. Nb6 Ra7 13. Nd2 Nxd2 14. Qxd2 Nc7 15. e4
f4 16. gxf4 Bh6 17. Nxc8 Qxc8 18. d5 Bxf4 19. Qd4 e5 20. Qxa7 Qg4 21. Bc1 Ne8
22. f3 Qh5 23. Bxf4 Rxf4 24. Qxb7 Rh4 25. h3 Qg5 26. dxc6 Qe3+ 27. Rf2 1-0

[Event "41th Eastman Open Gent 2018"]
[Site "KGSRL Gent"]
[Date "2018.07.14"]
[Round "1.2"]
[White "Vanhauwaert, Kurt"]
[Black "Epishin, Vladimir"]
[Result "0-1"]
[WhiteElo "1835"]
[BlackElo "2541"]
[PlyCount "66"]
[EventDate "2018.??.??"]

1. e4 g6 2. d4 Bg7 3. Nf3 d6 4. Be3 Nf6 5. Bd3 Nc6 6. c3 Ng4 7. Bg5 h6 8. Bh4
Nf6 9. Nbd2 Nh5 10. Bg3 O-O 11. O-O e5 12. dxe5 Nxg3 13. hxg3 Nxe5 14. Nxe5
Bxe5 15. Nf3 Bg7 16. Qb3 c6 17. Rad1 Qf6 18. Nh4 Re8 19. e5 dxe5 20. Rfe1 Bg4
21. Nf3 Rad8 22. Be4 Rxd1 23. Rxd1 Qe7 24. Rd2 Kh7 25. Qa4 h5 26. Qb4 Qxb4 27.
cxb4 Bh6 28. Rd6 Bf8 29. Rd3 Kg8 30. Re3 Bxb4 31. a3 Bc5 32. Rb3 Bb6 33. Nd2
Be6 0-1

[Event "41th Eastman Open Gent 2018"]
[Site "KGSRL Gent"]
[Date "2018.07.14"]
[Round "1.3"]
[White "Moradiabadi, Elshan"]
[Black "van Nassau, Erik"]
[Result "1-0"]
[WhiteElo "2538"]
[BlackElo "1816"]
[PlyCount "45"]
[EventDate "2018.??.??"]

1. d4 Nf6 2. c4 g6 3. Nf3 Bg7 4. g3 d5 5. Bg2 O-O 6. O-O c6 7. Nbd2 Nfd7 8. Qb3
Nb6 9. c5 N6d7 10. e4 dxe4 11. Nxe4 Nf6 12. Nxf6+ Bxf6 13. Bh6 Bg7 14. Bxg7
Kxg7 15. Rfe1 Qc7 16. Re3 h6 17. Rae1 Be6 18. d5 Bxd5 19. Qc3+ Kg8 20. Rxe7 Qd8
21. Nh4 Kh7 22. Qf6 Rg8 23. Bxd5 1-0

[Event "41th Eastman Open Gent 2018"]
[Site "KGSRL Gent"]
[Date "2018.07.14"]
[Round "1.4"]
[White "Van Malder, Klaus"]
[Black "Venkataraman, Karthik"]
[Result "0-1"]
[WhiteElo "1813"]
[BlackElo "2514"]
[PlyCount "70"]
[EventDate "2018.??.??"]

1. e4 c5 2. Nc3 Nc6 3. g3 g6 4. d3 Bg7 5. Bg2 d6 6. Be3 Rb8 7. Qd2 b5 8. f4 b4
9. Nd1 Qc7 10. h3 a5 11. Nf3 a4 12. a3 bxa3 13. Rxa3 Ra8 14. Nc3 Qb7 15. Qc1
Nd4 16. Kf2 Nb5 17. Rxa4 Nxc3 18. Rxa8 Nxe4+ 19. dxe4 Qxa8 20. e5 Bb7 21. Re1
dxe5 22. fxe5 h5 23. Bxc5 Nh6 24. Qg5 O-O 25. Bxe7 Rc8 26. c3 Nf5 27. e6 Qa7+
28. Ke2 Qa6+ 29. Kd1 Qa4+ 30. Ke2 Qb5+ 31. Kf2 Qb6+ 32. Ke2 Ba6+ 33. Kd1 Qb3+
34. Kc1 Bh6 35. exf7+ Qxf7 0-1

[Event "41th Eastman Open Gent 2018"]
[Site "KGSRL Gent"]
[Date "2018.07.14"]
[Round "1.5"]
[White "Docx, Stefan"]
[Black "Kuijpers, Domien"]
[Result "1-0"]
[WhiteElo "2450"]
[BlackElo "1836"]
[PlyCount "57"]
[EventDate "2018.??.??"]

1. c4 e6 2. Nf3 d5 3. e3 Nf6 4. b3 Nbd7 5. Bb2 Be7 6. Nc3 c6 7. Qc2 O-O 8. Rg1
Re8 9. g4 Nf8 10. g5 N6d7 11. h4 b6 12. cxd5 exd5 13. Nd4 Bb7 14. Nf5 Ne5 15.
Be2 Ne6 16. f4 Nd7 17. O-O-O Rc8 18. Bd3 Ndf8 19. Ne2 c5 20. Bb5 Bc6 21. Ba6
Rc7 22. Nh6+ gxh6 23. gxh6+ Ng6 24. h5 Bf6 25. f5 Nef8 26. hxg6 fxg6 27. fxg6
Nxg6 28. Rxg6+ hxg6 29. Qxg6+ 1-0

[Event "41th Eastman Open Gent 2018"]
[Site "KGSRL Gent"]
[Date "2018.07.14"]
[Round "1.6"]
[White "Hesselink, Rutger"]
[Black "Quillan, Gary"]
[Result "0-1"]
[WhiteElo "1790"]
[BlackElo "2349"]
[PlyCount "70"]
[EventDate "2018.??.??"]

1. e4 e6 2. d4 d5 3. Nc3 Bb4 4. e5 c5 5. a3 Bxc3+ 6. bxc3 Ne7 7. Bd3 Nbc6 8.
Qg4 Qc7 9. Bd2 Bd7 10. Nf3 c4 11. Be2 Nf5 12. O-O O-O-O 13. Nh4 h5 14. Qh3 Nfe7
15. Bg5 Rdf8 16. Bxe7 Nxe7 17. f4 g6 18. a4 Qa5 19. Rfb1 f6 20. Qe3 fxe5 21.
dxe5 Nf5 22. Nxf5 gxf5 23. Rb4 Bc6 24. Bf3 Rfg8 25. Kf2 Rg7 26. g3 h4 27. Qd4
Kb8 28. Rab1 Ka8 29. Rg1 Qd8 30. g4 fxg4 31. Bxg4 h3 32. Kf3 Rhg8 33. Rbb1 Qh4
34. Bxe6 Qh5+ 35. Kf2 Rg2+ 0-1

[Event "41th Eastman Open Gent 2018"]
[Site "KGSRL Gent"]
[Date "2018.07.14"]
[Round "1.7"]
[White "Arman, Deniz"]
[Black "Clavero, José Miguel"]
[Result "1-0"]
[WhiteElo "2366"]
[BlackElo "1809"]
[PlyCount "69"]
[EventDate "2018.??.??"]

1. e4 c5 2. d4 cxd4 3. c3 Nf6 4. e5 Nd5 5. Nf3 Nc6 6. Bc4 Nb6 7. Bb3 d5 8. exd6
Qxd6 9. O-O Bf5 10. Nxd4 Nxd4 11. cxd4 e6 12. Nc3 Be7 13. Qf3 O-O 14. d5 Qd7
15. Bf4 exd5 16. Nxd5 Nxd5 17. Bxd5 Bg4 18. Qb3 Rad8 19. Bxb7 g5 20. Be5 Be6
21. Qf3 g4 22. Qe4 f6 23. Bc6 Qc8 24. Bc3 Rf7 25. Rfd1 Rd6 26. Rxd6 Bxd6 27.
Bd5 Bxd5 28. Qxd5 Qc5 29. Qe6 Bxh2+ 30. Kxh2 Qxf2 31. Qc8+ Rf8 32. Qxg4+ Kf7
33. Qc4+ Kg6 34. Rf1 Qe3 35. Qg4+ 1-0

[Event "41th Eastman Open Gent 2018"]
[Site "KGSRL Gent"]
[Date "2018.07.14"]
[Round "1.8"]
[White "Bauwens, Steven"]
[Black "Sarrau, Jelle"]
[Result "0-1"]
[WhiteElo "1802"]
[BlackElo "2366"]
[PlyCount "148"]
[EventDate "2018.??.??"]

1. b3 e5 2. Bb2 Nc6 3. g3 d5 4. Bg2 Nf6 5. e3 Bg4 6. Qc1 Bd6 7. h3 Bf5 8. d3 e4
9. d4 h5 10. a3 Ne7 11. c4 c6 12. Nc3 a6 13. Qd2 Be6 14. c5 Bc7 15. O-O-O b6
16. Nge2 Nd7 17. Na4 b5 18. Nac3 a5 19. Nb1 Ng6 20. Qc2 Qg5 21. Rdg1 Nf6 22.
Nd2 Ne7 23. Kb1 Nf5 24. Nf4 Bc8 25. h4 Qh6 26. Bh3 Ne7 27. Bxc8 Rxc8 28. Nh3
Ng4 29. Bc1 Qf6 30. Rg2 Nf5 31. Nf1 Qe7 32. Qe2 Kd7 33. Rgg1 Rcg8 34. Bb2 Rh6
35. Bc1 Kd8 36. Qd2 a4 37. b4 Rf6 38. Nf4 Rh8 39. Qe2 Bxf4 40. gxf4 Rg6 41. Ng3
Qe6 42. Bb2 Qf6 43. Nxe4 Qe7 44. Ng5 f6 45. Rxg4 hxg4 46. Qxg4 fxg5 47. Qxf5
Rf6 48. Qe5 Qxe5 49. dxe5 Rfh6 50. fxg5 Rxh4 51. Rxh4 Rxh4 52. f4 g6 53. f5
gxf5 54. e6 Ke7 55. g6 Rh1+ 56. Ka2 Rg1 57. g7 Kxe6 58. Bd4 Rg2+ 59. Kb1 Kf7
60. Kc1 Rf2 61. Kb1 f4 62. exf4 Rxf4 63. Be5 Re4 64. Bc3 Re2 65. Bd4 Rg2 66.
Kc1 Ke6 67. Kb1 Kf5 68. Bc3 Ke4 69. Bf6 Kd3 70. Be5 Kc4 71. Bb2 d4 72. Bc1 Rxg7
73. Ka1 Kb3 74. Kb1 Rg1 0-1

[Event "41th Eastman Open Gent 2018"]
[Site "KGSRL Gent"]
[Date "2018.07.14"]
[Round "1.9"]
[White "Foisor, Sabina"]
[Black "Jorritsma, Stefan"]
[Result "1-0"]
[WhiteElo "2326"]
[BlackElo "1805"]
[PlyCount "47"]
[EventDate "2018.??.??"]

1. d4 Nf6 2. c4 g6 3. Nc3 Bg7 4. Nf3 O-O 5. g3 d6 6. Bg2 Nbd7 7. O-O e5 8. e4
Re8 9. Re1 a6 10. d5 a5 11. h3 Nc5 12. b3 Bd7 13. Qc2 Rf8 14. Bg5 h6 15. Be3 b6
16. a3 Kh7 17. b4 axb4 18. axb4 Rxa1 19. Rxa1 Ncxe4 20. Nxe4 Nxe4 21. Qxe4 Bf5
22. Qh4 e4 23. Qxd8 Rxd8 24. Nd4 1-0

[Event "41th Eastman Open Gent 2018"]
[Site "KGSRL Gent"]
[Date "2018.07.14"]
[Round "1.11"]
[White "Kett, Tim"]
[Black "Vanden Abeele, Xavier"]
[Result "1-0"]
[WhiteElo "2231"]
[BlackElo "1784"]
[PlyCount "25"]
[EventDate "2018.??.??"]

1. e4 e5 2. Nf3 Nc6 3. Bc4 Bc5 4. c3 Nf6 5. d4 exd4 6. cxd4 Bb4+ 7. Nc3 Nxe4 8.
O-O O-O 9. Nxe4 d5 10. Nfg5 Bf5 11. Ng3 h6 12. Nxf5 dxc4 13. Ne4 1-0

[Event "41th Eastman Open Gent 2018"]
[Site "KGSRL Gent"]
[Date "2018.07.14"]
[Round "2.1"]
[White "de Wolf, Johan"]
[Black "Michiels, Bart"]
[Result "0-1"]
[WhiteElo "2075"]
[BlackElo "2554"]
[PlyCount "50"]
[EventDate "2018.??.??"]

1. d4 d5 2. Nf3 Nf6 3. c4 e6 4. g3 Be7 5. Bg2 O-O 6. O-O dxc4 7. Ne5 Nc6 8.
Nxc6 bxc6 9. b3 Ba6 10. Ba3 Rb8 11. Re1 Nd5 12. Qc1 Nb4 13. Bb2 Bg5 14. Nd2 c5
15. f4 Be7 16. bxc4 Bf6 17. Nb3 cxd4 18. Rd1 e5 19. Nc5 Bc8 20. Ne4 c5 21.
Nxf6+ Qxf6 22. fxe5 Qg6 23. Qf4 Bb7 24. Rab1 Bxg2 25. Kxg2 Nc2 0-1

[Event "41th Eastman Open Gent 2018"]
[Site "KGSRL Gent"]
[Date "2018.07.14"]
[Round "2.2"]
[White "Epishin, Vladimir"]
[Black "Schoffelmeer, Frans"]
[Result "1-0"]
[WhiteElo "2541"]
[BlackElo "2075"]
[PlyCount "35"]
[EventDate "2018.??.??"]

1. d4 Nf6 2. Nf3 g6 3. c4 Bg7 4. Nc3 d5 5. cxd5 Nxd5 6. Bd2 c6 7. h3 O-O 8. e4
Nb6 9. Be3 N8d7 10. a4 Nf6 11. a5 Nbd7 12. Bc4 b5 13. axb6 Nxb6 14. Bb3 a5 15.
O-O Ba6 16. Re1 Nc4 17. Bc1 Qb6 18. Ra4 1-0

[Event "41th Eastman Open Gent 2018"]
[Site "KGSRL Gent"]
[Date "2018.07.14"]
[Round "2.3"]
[White "van Leusden, Dennis"]
[Black "Moradiabadi, Elshan"]
[Result "0-1"]
[WhiteElo "2012"]
[BlackElo "2538"]
[PlyCount "80"]
[EventDate "2018.??.??"]

1. e4 c6 2. Nf3 d5 3. Nc3 Bg4 4. h3 Bxf3 5. Qxf3 e6 6. d3 Nd7 7. Bd2 Bb4 8.
exd5 cxd5 9. Qg4 Bf8 10. O-O-O Ngf6 11. Qe2 Rc8 12. Kb1 Qb6 13. Rc1 Bb4 14. Ka1
O-O 15. g4 d4 16. Ne4 Nxe4 17. dxe4 Rc5 18. h4 Rfc8 19. Bxb4 Qxb4 20. Rh3 Qb6
21. Qd2 e5 22. g5 Qc7 23. Kb1 Rc6 24. Bb5 Rb6 25. Bxd7 Qxd7 26. Rg3 Qc6 27. Qe2
Qe6 28. Qg4 Qe8 29. Rb3 Rxb3 30. axb3 a5 31. Qe2 a4 32. Qd3 g6 33. h5 gxh5 34.
Rh1 axb3 35. Qxb3 Qc6 36. f3 Qa6 37. Qd3 Qa5 38. Rh2 Qe1+ 39. Ka2 Ra8+ 40. Kb3
Qa5 0-1

[Event "41th Eastman Open Gent 2018"]
[Site "KGSRL Gent"]
[Date "2018.07.14"]
[Round "2.4"]
[White "Venkataraman, Karthik"]
[Black "Stuer, Marc"]
[Result "1-0"]
[WhiteElo "2514"]
[BlackElo "2069"]
[PlyCount "51"]
[EventDate "2018.??.??"]

1. Nf3 d5 2. g3 c5 3. Bg2 Nc6 4. c4 Nf6 5. cxd5 Nxd5 6. Nc3 e6 7. O-O Be7 8. d4
Nxc3 9. bxc3 O-O 10. Rb1 Qa5 11. Qb3 Rd8 12. Rd1 Bf6 13. Be3 cxd4 14. Nxd4 Ne7
15. c4 e5 16. Nb5 Bf5 17. Rbc1 Nc6 18. Nd6 Nd4 19. Rxd4 exd4 20. Nxb7 Qe5 21.
Nxd8 Rxd8 22. Bd2 Qxe2 23. Ba5 Rc8 24. Re1 Qc2 25. Qb7 Qa4 26. Bc6 1-0

[Event "41th Eastman Open Gent 2018"]
[Site "KGSRL Gent"]
[Date "2018.07.14"]
[Round "2.5"]
[White "Malakhatko, Vadim"]
[Black "van Kessel, Wessel"]
[Result "1-0"]
[WhiteElo "2499"]
[BlackElo "2055"]
[PlyCount "43"]
[EventDate "2018.??.??"]

1. c4 e5 2. e3 Nc6 3. Nc3 Bb4 4. Nge2 d6 5. a3 Bxc3 6. Nxc3 f5 7. d4 a5 8. Be2
Nf6 9. O-O O-O 10. b3 Qe8 11. Bb2 g5 12. Nd5 Rf7 13. dxe5 dxe5 14. Bh5 Nxh5 15.
Qxh5 Qf8 16. Qxg5+ Rg7 17. Qf6 Qe8 18. f4 Be6 19. fxe5 Rd8 20. Nf4 Rd2 21. Bc3
Rc2 22. Rac1 1-0

[Event "41th Eastman Open Gent 2018"]
[Site "KGSRL Gent"]
[Date "2018.07.14"]
[Round "2.6"]
[White "De Haas, W."]
[Black "Docx, Stefan"]
[Result "0-1"]
[WhiteElo "2056"]
[BlackElo "2450"]
[PlyCount "142"]
[EventDate "2018.??.??"]

1. e4 c5 2. Nf3 d6 3. d4 cxd4 4. Nxd4 Nf6 5. Nc3 a6 6. Bg5 e6 7. f4 Qb6 8. Qd2
Nc6 9. Bxf6 gxf6 10. O-O-O Qxd4 11. Qxd4 Nxd4 12. Rxd4 Bd7 13. Bc4 h5 14. Kb1
Rc8 15. Bb3 Rg8 16. g3 h4 17. Rd3 b5 18. a3 Rc5 19. Rhd1 Rh5 20. e5 f5 21. exd6
hxg3 22. hxg3 Rh2 23. Re1 Rg2 24. Ree3 Kd8 25. Ne2 Rh8 26. Nd4 Rh1+ 27. Ka2
Rgg1 28. Bxe6 fxe6 29. Nxe6+ Bxe6+ 30. Rxe6 Rh6 31. Rxh6 Bxh6 32. a4 bxa4 33.
Rd5 Rxg3 34. Rxf5 Rg6 35. Ra5 Rxd6 36. f5 Bd2 37. Rxa4 Kc7 38. Re4 Rd5 39. Re2
Bg5 40. Rf2 Bf6 41. c3 Kc6 42. Kb3 Kc5 43. Rf4 Kb6 44. Kc4 Re5 45. Rf3 a5 46.
Rf1 Rc5+ 47. Kd3 Kb5 48. Rf4 Bg5 49. Rf2 Bf6 50. Rf4 Rd5+ 51. Kc2 Re5 52. Kd3
Rc5 53. Kc2 a4 54. Rb4+ Ka5 55. Rf4 Re5 56. Kd3 Rb5 57. Rf2 Rd5+ 58. Kc4 Rb5
59. Kd3 Rc5 60. Ke4 Kb5 61. Kd3 Rd5+ 62. Kc2 Re5 63. Kd3 Re1 64. Rf4 Rd1+ 65.
Kc2 Rh1 66. Rf2 Rh3 67. Kd2 Bg5+ 68. Kc2 Kc4 69. Rg2 Bf4 70. Rg4 Rh2+ 71. Kd1
Kd3 0-1

[Event "41th Eastman Open Gent 2018"]
[Site "KGSRL Gent"]
[Date "2018.07.14"]
[Round "2.7"]
[White "Sarrau, Jelle"]
[Black "Verheyen, O."]
[Result "1/2-1/2"]
[WhiteElo "2366"]
[BlackElo "2043"]
[PlyCount "144"]
[EventDate "2018.??.??"]

1. Nf3 Nf6 2. c4 g6 3. g3 Bg7 4. Bg2 d6 5. d4 O-O 6. O-O Nc6 7. Nc3 e5 8. dxe5
dxe5 9. Bg5 Be6 10. Nd2 h6 11. Bxf6 Qxf6 12. Nde4 Qe7 13. Nd5 Bxd5 14. cxd5 Nd4
15. Rc1 Nb5 16. Rc5 Nd4 17. e3 f5 18. exd4 fxe4 19. Bxe4 g5 20. Qb3 Kh8 21.
Qxb7 Rab8 22. Qxc7 Qxc7 23. Rxc7 Rxb2 24. d6 exd4 25. d7 Bf6 26. Rb1 Rxb1+ 27.
Bxb1 a5 28. Rc6 Kg7 29. Ra6 Rb8 30. Bf5 a4 31. Rxa4 Rb5 32. Rxd4 Rxf5 33. d8=Q
Bxd8 34. Rxd8 Ra5 35. Rd2 Ra4 36. Kg2 g4 37. Kf1 Kf6 38. Re2 h5 39. Ke1 Kg5 40.
Kf1 h4 41. gxh4+ Kxh4 42. Kg2 Ra3 43. Rd2 Kg5 44. Rc2 Kh4 45. Re2 Kg5 46. Rb2
Kh4 47. Kf1 Ra8 48. Kg1 Ra7 49. Kg2 Ra3 50. Rd2 Kg5 51. Rc2 Kh4 52. Rb2 Kg5 53.
Kg1 Kh4 54. Kf1 Ra8 55. Rc2 Ra7 56. Kg2 Ra3 57. Rb2 Kg5 58. Rd2 Kh4 59. Kf1 Ra8
60. Ke2 Kh3 61. Kd3 Kxh2 62. f3+ Kg3 63. fxg4 Kxg4 64. Ke4 Re8+ 65. Kd4 Rd8+
66. Kc3 Rxd2 67. Kxd2 Kf5 68. a4 Ke6 69. a5 Kd6 70. a6 Kc7 71. a7 Kb7 72. a8=B+
Kxa8 1/2-1/2

[Event "41th Eastman Open Gent 2018"]
[Site "KGSRL Gent"]
[Date "2018.07.14"]
[Round "2.8"]
[White "Boudry, W."]
[Black "Arman, Deniz"]
[Result "1-0"]
[WhiteElo "2046"]
[BlackElo "2366"]
[PlyCount "114"]
[EventDate "2018.??.??"]

1. d4 Nf6 2. Nf3 g6 3. c4 Bg7 4. Nc3 d5 5. Bf4 O-O 6. e3 dxc4 7. Bxc4 c5 8.
dxc5 Qa5 9. O-O Qxc5 10. Qd4 Qa5 11. b4 Qh5 12. b5 Nbd7 13. Rac1 Nb6 14. Be2
Qf5 15. Rfd1 Nfd7 16. Qe4 Qxe4 17. Nxe4 Nf6 18. Nxf6+ Bxf6 19. Be5 Be6 20. Bxf6
exf6 21. a3 Bb3 22. Rd3 Bc4 23. Rd2 Rac8 24. Bxc4 Rxc4 25. Rxc4 Nxc4 26. Rd3
Rc8 27. Rc3 Kf8 28. Nd4 Nb6 29. Rxc8+ Nxc8 30. Kf1 Ke7 31. Ke2 Kd6 32. Nb3 Kd5
33. Kd3 Nd6 34. a4 f5 35. f3 h5 36. h3 h4 37. Kc3 Nc8 38. Kb4 g5 39. Nc5 Nd6
40. Nd7 f4 41. e4+ Kd4 42. Nf6 Ke5 43. Kc5 b6+ 44. Kc6 Nc4 45. Ng4+ Kd4 46. Nh6
f6 47. Ng4 Kd3 48. Nxf6 Ke2 49. Nh7 g4 50. hxg4 Ne5+ 51. Kd5 Ng6 52. Ke6 h3 53.
gxh3 Kxf3 54. Ng5+ Kg3 55. Kf6 Nf8 56. e5 Kh4 57. Kf5 f3 1-0

[Event "41th Eastman Open Gent 2018"]
[Site "KGSRL Gent"]
[Date "2018.07.14"]
[Round "2.9"]
[White "Godde, M."]
[Black "Foisor, Sabina"]
[Result "0-1"]
[WhiteElo "2043"]
[BlackElo "2326"]
[PlyCount "56"]
[EventDate "2018.??.??"]

1. d4 Nf6 2. c4 e6 3. Nf3 Bb4+ 4. Bd2 Qe7 5. Qc2 Bxd2+ 6. Nbxd2 d6 7. e3 O-O 8.
Bd3 e5 9. O-O Re8 10. dxe5 dxe5 11. Ng5 h6 12. Nge4 Nxe4 13. Nxe4 f5 14. Nc3
Qf7 15. b4 Be6 16. Na4 Nd7 17. c5 e4 18. Be2 Ne5 19. Rfd1 Rad8 20. Rd2 Bc4 21.
Nb2 Bxe2 22. Rxe2 Qf6 23. Rc1 Kh7 24. Qc3 Re6 25. h3 Qg5 26. Kh1 Rg6 27. g3 Qh5
28. Qxe5 Qxe2 0-1

[Event "41th Eastman Open Gent 2018"]
[Site "KGSRL Gent"]
[Date "2018.07.14"]
[Round "2.10"]
[White "Froeyman, Helmut"]
[Black "Deveque, G."]
[Result "1-0"]
[WhiteElo "2290"]
[BlackElo "2043"]
[PlyCount "71"]
[EventDate "2018.??.??"]

1. e4 e6 2. d4 d5 3. Nc3 Bb4 4. e5 c5 5. a3 Bxc3+ 6. bxc3 Ne7 7. Qg4 O-O 8. Bd3
Nbc6 9. Qh5 Ng6 10. Nf3 Qa5 11. Bd2 c4 12. Ng5 h6 13. Nxf7 cxd3 14. Nxh6+ gxh6
15. Qxg6+ Kh8 16. Qxh6+ Kg8 17. Qg6+ Kh8 18. h4 Qc7 19. Bg5 Nxe5 20. Bf6+ Rxf6
21. Qxf6+ Kh7 22. Kd2 Nc4+ 23. Kxd3 Nd6 24. f3 Nb5 25. Ke2 b6 26. Kf2 Ba6 27.
Rae1 Qxc3 28. Qf7+ Kh8 29. Qf6+ Kh7 30. Qf7+ Kh8 31. Qh5+ Kg8 32. Qg6+ Kh8 33.
Qh6+ Kg8 34. Qxe6+ Kh7 35. Qf7+ Kh8 36. Qh5+ 1-0

[Event "41th Eastman Open Gent 2018"]
[Site "KGSRL Gent"]
[Date "2018.07.14"]
[Round "2.11"]
[White "Mauquoy, Alain"]
[Black "Kett, Tim"]
[Result "0-1"]
[WhiteElo "2012"]
[BlackElo "2231"]
[PlyCount "88"]
[EventDate "2018.??.??"]

1. Nf3 Nf6 2. c4 g6 3. Nc3 Bg7 4. e4 d6 5. d4 O-O 6. h3 e5 7. d5 Na6 8. g4 Nc5
9. Qc2 a5 10. Be3 b6 11. O-O-O Bd7 12. Nd2 c6 13. Be2 cxd5 14. g5 Nfxe4 15.
Ndxe4 dxe4 16. Rxd6 Qc7 17. Bxc5 bxc5 18. Qd1 Bc6 19. Nd5 Bxd5 20. Qxd5 a4 21.
Rd7 Qa5 22. Kc2 e3 23. fxe3 e4 24. Qd2 Qb6 25. Rb1 Rfd8 26. Qd5 Rxd7 27. Qxa8+
Rd8 28. Qxa4 Qe6 29. Qa5 Rb8 30. Qc7 Rc8 31. Qf4 Ra8 32. Rd1 Qb6 33. Rb1 Rxa2
34. Qxe4 Rxb2+ 35. Rxb2 Qxb2+ 36. Kd1 Qa1+ 37. Kc2 Bb2 38. Bf3 Qc1+ 39. Kb3
Qc3+ 40. Ka2 Bc1 41. Qb7 Bxe3 42. Qb8+ Kg7 43. Qb2 Qxb2+ 44. Kxb2 Bxg5 0-1

[Event "41th Eastman Open Gent 2018"]
[Site "KGSRL Gent"]
[Date "2018.07.14"]
[Round "2.12"]
[White "Schriemer, Oene"]
[Black "Lammens, Tim"]
[Result "0-1"]
[WhiteElo "1979"]
[BlackElo "2293"]
[PlyCount "100"]
[EventDate "2018.??.??"]

1. e4 g6 2. d4 Bg7 3. Nc3 d6 4. Bc4 e6 5. Nf3 a6 6. a4 b6 7. O-O Bb7 8. Re1 Nd7
9. Bg5 Ne7 10. Qd2 h6 11. Bf4 g5 12. Bg3 Ng6 13. h3 Nf6 14. Rad1 Nh5 15. Qe3
Nxg3 16. fxg3 Qe7 17. Qd3 h5 18. Nd5 Qd8 19. Ne3 h4 20. g4 Nf4 21. Qf1 Bxe4 22.
c3 Qf6 23. Kh2 O-O 24. Nd2 Bb7 25. Ba2 c5 26. Nf3 cxd4 27. Nxd4 Be4 28. Rd2 d5
29. Bb1 Bxb1 30. Rxb1 Qe5 31. Qf3 Rfc8 32. Kg1 Bf8 33. Re1 Bc5 34. Nec2 Qf6 35.
Kh2 Rab8 36. Ne2 Bd6 37. Kh1 Rc4 38. Rd4 b5 39. b3 Rxd4 40. Ncxd4 bxa4 41. bxa4
Rb2 42. Rf1 Qe5 43. Nxf4 Qxf4 44. Qxf4 Bxf4 45. Ra1 Kg7 46. Kg1 Be3+ 47. Kh1
Bxd4 48. cxd4 Rd2 49. Kg1 a5 50. Kf1 Rxd4 0-1

[Event "41th Eastman Open Gent 2018"]
[Site "KGSRL Gent"]
[Date "2018.07.14"]
[Round "2.13"]
[White "Hamblok, Roel"]
[Black "Kalmes, R."]
[Result "1-0"]
[WhiteElo "2297"]
[BlackElo "2030"]
[PlyCount "61"]
[EventDate "2018.??.??"]

1. Nf3 Nf6 2. c4 e6 3. g3 b6 4. Bg2 Bb7 5. O-O c5 6. Nc3 Be7 7. d4 cxd4 8. Qxd4
Nc6 9. Qf4 O-O 10. Rd1 d5 11. e4 Bd6 12. Qh4 dxe4 13. Nxe4 Nxe4 14. Qxe4 Qe7
15. Ng5 g6 16. Qh4 h5 17. g4 Kg7 18. gxh5 Rh8 19. h6+ Kf8 20. Bxc6 Bxc6 21. Qd4
Bxh2+ 22. Kxh2 Rxh6+ 23. Nh3 Rh4 24. Qd6 Qxd6+ 25. Rxd6 Rxc4 26. b3 Rc2 27. Ba3
Kg7 28. Rc1 Rxc1 29. Bxc1 Rc8 30. Bb2+ Kh6 31. Bf6 1-0

[Event "open2018"]
[Site "?"]
[Date "2018.07.15"]
[Round "3.1"]
[White "Roos, David"]
[Black "Venkataraman, Karthik"]
[Result "1-0"]
[WhiteElo "2142"]
[BlackElo "2514"]
[PlyCount "87"]
[EventDate "2018.??.??"]

1. e4 c5 2. Nf3 d6 3. d4 Nf6 4. Nc3 cxd4 5. Nxd4 a6 6. Bg5 e6 7. f4 Qc7 8. Bxf6
gxf6 9. Qf3 Nc6 10. O-O-O h5 11. Kb1 Bd7 12. g3 Rc8 13. Nxc6 Bxc6 14. f5 b5 15.
a3 Be7 16. Rd2 Qb6 17. Bh3 Bd7 18. Ne2 b4 19. fxe6 fxe6 20. Qb3 Rb8 21. Bxe6
Bxe6 22. Qxe6 bxa3 23. b3 Qc5 24. Nf4 Qe5 25. Qxe5 fxe5 26. Nd5 h4 27. Rhd1 Bg5
28. Rd3 hxg3 29. Rxg3 Bd8 30. Rd2 Rb7 31. Ka2 Rbh7 32. Rgg2 Rh4 33. Rde2 Kd7
34. Kxa3 a5 35. Ka4 Kc6 36. Re3 Rxh2 37. Rc3+ Kb7 38. Rg7+ Kb8 39. Nc7 Bxc7 40.
Rcxc7 Rg8 41. Rb7+ Kc8 42. Rgc7+ Kd8 43. Kb5 Rgg2 44. Kb6 1-0

[Event "open2018"]
[Site "?"]
[Date "2018.07.15"]
[Round "3.2"]
[White "Vermaat, Marcel"]
[Black "Epishin, Vladimir"]
[Result "1/2-1/2"]
[WhiteElo "2138"]
[BlackElo "2541"]
[PlyCount "33"]
[EventDate "2018.??.??"]

1. e4 g6 2. d4 Bg7 3. c4 d6 4. Nc3 Nc6 5. d5 Nd4 6. Be3 c5 7. Nge2 e5 8. dxe6
Nxe6 9. Qd2 Nf6 10. f3 O-O 11. O-O-O Qa5 12. Kb1 Rd8 13. h4 h5 14. g4 hxg4 15.
fxg4 Nxg4 16. h5 Re8 17. hxg6 1/2-1/2

[Event "open2018"]
[Site "?"]
[Date "2018.07.15"]
[Round "3.3"]
[White "Michiels, Bart"]
[Black "James, David J"]
[Result "1/2-1/2"]
[WhiteElo "2554"]
[BlackElo "2122"]
[PlyCount "78"]
[EventDate "2018.??.??"]

1. c4 e5 2. Nc3 Nf6 3. Nf3 Nc6 4. e3 Bb4 5. Qc2 O-O 6. Nd5 a5 7. a3 Bc5 8. Bd3
h6 9. b3 d6 10. Nxf6+ Qxf6 11. Be4 Qe7 12. O-O f5 13. Bxc6 bxc6 14. d4 e4 15.
Nd2 Ba7 16. b4 axb4 17. axb4 c5 18. bxc5 dxc5 19. Ra5 cxd4 20. Ba3 c5 21. Bxc5
Bxc5 22. Rxa8 dxe3 23. fxe3 Bxe3+ 24. Kh1 Bc5 25. Rb1 Re8 26. Qa4 e3 27. Nf3 e2
28. h3 Bf2 29. Qc6 Bd7 30. Qd5+ Kh7 31. Rxe8 Qxe8 32. Ne1 Qe4 33. Qxe4 fxe4 34.
Rb2 Bxe1 35. Rxe2 Bb4 36. Rxe4 Kg6 37. Rf4 Bc5 38. h4 h5 39. g3 Bf5 1/2-1/2

[Event "open2018"]
[Site "?"]
[Date "2018.07.15"]
[Round "3.4"]
[White "Moradiabadi, Elshan"]
[Black "De Hoogt, Ivar"]
[Result "1-0"]
[WhiteElo "2538"]
[BlackElo "2131"]
[PlyCount "57"]
[EventDate "2018.??.??"]

1. Nf3 g6 2. g3 Bg7 3. Bg2 Nc6 4. d4 d6 5. O-O e5 6. dxe5 dxe5 7. Qxd8+ Nxd8 8.
Nc3 Ne6 9. Ng5 Nxg5 10. Bxg5 f6 11. Be3 c6 12. Ne4 Ne7 13. Nd6+ Kd7 14. Rad1
Ke6 15. Bc5 b6 16. Ba3 Ba6 17. c4 Rad8 18. b3 f5 19. e4 c5 20. Nb5 Bxb5 21.
cxb5 f4 22. Bh3+ Kf7 23. Bd7 Ng8 24. Be6+ Ke7 25. Rxd8 Kxd8 26. b4 Nf6 27. bxc5
Bf8 28. Rd1+ Kc7 29. Bb2 1-0

[Event "open2018"]
[Site "?"]
[Date "2018.07.15"]
[Round "3.5"]
[White "Boog, Ben"]
[Black "Malakhatko, Vadim"]
[Result "0-1"]
[WhiteElo "2130"]
[BlackElo "2499"]
[PlyCount "102"]
[EventDate "2018.??.??"]

1. d4 e6 2. Nf3 c5 3. c3 Nf6 4. Bf4 cxd4 5. cxd4 Qb6 6. Qc1 Nc6 7. e3 Nb4 8.
Nc3 Nbd5 9. Nxd5 Nxd5 10. Bg3 Qa5+ 11. Nd2 b6 12. a3 Ba6 13. Bxa6 Qxa6 14. Qc4
Qb7 15. e4 Nf6 16. f3 Rc8 17. Qd3 d5 18. O-O Be7 19. Rac1 O-O 20. Bf4 Rfd8 21.
e5 Nd7 22. a4 a6 23. Nb3 Nb8 24. Rxc8 Rxc8 25. Rc1 Qd7 26. Rxc8+ Qxc8 27. Nc1
Nc6 28. Ne2 Nb4 29. Qc3 Qxc3 30. bxc3 Nd3 31. Bc1 Kf8 32. f4 Ke8 33. g3 Kd7 34.
Kg2 Kc6 35. Kf3 b5 36. Ke3 Nxc1 37. axb5+ Kxb5 38. Nxc1 Kc4 39. Kd2 a5 40. Kc2
a4 41. Nd3 g5 42. Nb2+ Kb5 43. Nd3 gxf4 44. gxf4 Bf8 45. h3 Bh6 46. h4 Bf8 47.
h5 a3 48. Kb3 a2 49. Kxa2 Kc4 50. Ne1 Kxc3 51. Nf3 Be7 0-1

[Event "open2018"]
[Site "?"]
[Date "2018.07.15"]
[Round "3.6"]
[White "Docx, Stefan"]
[Black "Lacrosse, Marc"]
[Result "1-0"]
[WhiteElo "2450"]
[BlackElo "2129"]
[PlyCount "43"]
[EventDate "2018.??.??"]

1. c4 e6 2. Nc3 d5 3. d4 Nf6 4. Nf3 Nbd7 5. Bg5 c6 6. e3 Qa5 7. cxd5 Nxd5 8.
Qd2 N7b6 9. Bd3 Nxc3 10. bxc3 Na4 11. O-O Qxc3 12. Qe2 Qb2 13. Bc2 Nc3 14. Qd3
Nd5 15. Bb3 Qc3 16. Qd1 h6 17. Bh4 Ba3 18. Ne5 Nf6 19. Nc4 Qb4 20. Qf3 Qe7 21.
e4 g5 22. Bg3 1-0